| 000 | 00920nas a2200313 4500 | ||
|---|---|---|---|
| 001 | BR0901631 | ||
| 003 | BR-BrBNA | ||
| 005 | 20231205112617.0 | ||
| 007 | ta | ||
| 008 | 230509b bl.|||p| |||| 00| 00por d | ||
| 040 |
_aBR-BrBNA _bpor _cBiblioteca Nacional de Agricultura |
||
| 041 | _a(Pt) | ||
| 072 | _aF08; H60 | ||
| 100 | 1 | _aMoraes, P.V.D. de | |
| 100 | 1 | _aReis, J.C.L. | |
| 100 | 1 | _aMonks, P.L. | |
| 100 | 1 | _aAzambuja, I.H.V. | |
| 100 | 1 | _aSiewerdt, L. | |
| 245 | 1 | _aMargem bruta de sucessão de culturas usadas para controle do capim_Annoni-2 (Eragrostis plana Nees) | |
| 650 | _aAVEIA | ||
| 650 | _aSOJA | ||
| 650 | _aSORGO | ||
| 650 | _aCULTIVO SEQUENCIAL | ||
| 650 | _aERVA DANINHA | ||
| 650 | _aCAPIM ANNONI | ||
| 773 | 0 |
_tPesquisa Agropecuaria Gaucha (Brazil) _xISSN 0104-9070 _g(2008), v. 14(2) p. 135-141 _wBR0901631 |
|
| 909 |
_a202311 _bLúcia _c55 _dLúcia Elande |
||
| 942 |
_2AGRIS _n0 _cANA |
||
| 999 |
_c198953 _d198953 |
||